Tax Forms - What form is this reported on? - Statistics

General Stats
  • This quiz has been taken 1,686 times
  • The average score is 9 of 18
Answer Stats
Type of Reporting Answer % Correct
Income from a W-2 is reported here 1040
100%
Partnership Income Tax Filing 1065
68%
Seed for Farming, Sale of vegetables, wheat etc. Schedule F
68%
C Corporations Income Tax Filing 1120
64%
Dividend Income from 1099-DIV Schedule B
60%
Sale of Stocks end up on this summary form Schedule D
52%
You file your deceased Parents Estate Tax Return on this? 1041
48%
You work as contract employee, the company puts income on this 1099
48%
Gambling Losses (Report these here to the extent you had winnings) Schedule A
48%
Royalties reported on 1099-MISC, Rental Income, K-1's etc. Schedule E
48%
You need to amend your personal income tax return filed 2 years ago 1040X
40%
You just bought a new computer and desk for your business. Depreciation on this form. 4562
36%
You file an extension to file your tax return. Which form for Individual 4868
36%
Home Business Income and Expense Schedule C
36%
You are Waiter/Waitress and Employer puts tips on this form W-2
36%
You are a Corporation, Partnership, Trust or Estate and file extension on? 7004
32%
You sold your home on an installment contract over 10 Years, Report income here? 6252
24%
You owe tax but cannot pay when filing. Which form is used for installment agreement? 9415
16%
No matching quizzes found
Score Distribution
Percent of People with Each Score
Percentile by Number Answered
Your Score History
You have not taken this quiz